Statistiques concernant Paroles _ La Chauve-Souris de Thomas Fersen

Cliquez ici pour prendre le quiz!

Statistiques générales

  • Ce quiz a été pris 28 fois
  • Le résultat moyen est 226 sur 336

Statistiques - réponses

HintRéponse% Correct
à
100%
Couplet 4A
100%
chauve-
100%
Par
100%
parapluie
100%
souris
100%
un
100%
Un
100%
une
100%
Couplet 1 | Outro | Refrain 2Une
100%
de
94%
la
94%
noir
94%
Aimait
89%
grand
89%
nuit
89%
du
83%
dans
78%
Dans
78%
Et
78%
Le
78%
le
78%
Sur
78%
sur
78%
Au
72%
au
72%
Car
72%
Découpé
72%
désespoir
72%
Couplet 2Elle
72%
elle
72%
est
72%
"Je
72%
glissait
67%
Lui
67%
lui
67%
pluie
67%
sa
67%
Se
67%
se
67%
Son
67%
son
67%
tout
67%
coup
61%
Demoiselle
61%
Couplet 5En
61%
goût
61%
il
61%
Il
61%
qui
61%
Qui
61%
Qui,
61%
vie
61%
bel
56%
chance
56%
d'un
56%
fond
56%
gosier
56%
habit
56%
Hurla
56%
les
56%
Pour
56%
pour
56%
Sortait
56%
associé
50%
Avec
50%
"Cest
50%
cette
50%
comme
50%
croyais
50%
mauvais
50%
mis
50%
mit
50%
m'sourit"
50%
perdu
50%
pleuvait
50%
prit
50%
que
50%
revenu
50%
revenu"
50%
sous
50%
temps
50%
avaleur
44%
baleine
44%
Boulevard
44%
caniveau
44%
cravates
44%
devant
44%
étui
44%
Ils
44%
jour
44%
Lachaise
44%
laissa
44%
l'avait
44%
mairie
44%
manche
44%
Marcel
44%
mort
44%
Nantes
44%
On
44%
44%
Père-
44%
Couplet 3Puis
44%
puit
44%
sabres
44%
Saint-
44%
sommeil
44%
vendeur
44%
acrobate
39%
aile
39%
balancier
39%
bec
39%
belle
39%
d'chaise
39%
déplia
39%
détritus
39%
faisait
39%
foutues
39%
jais
39%
l'eau
39%
manoir
39%
Menait
39%
nourrissait
39%
permanente
39%
prenait
39%
radar
39%
Refrain 3Riant
39%
squelette
39%
toilette
39%
vent
39%
vieux
39%
voyager
39%
voyant
39%
accessoire
33%
allèrent
33%
batôn
33%
boire
33%
brusque
33%
denrées
33%
dire
33%
d'la
33%
fuie
33%
jamais
33%
jeter
33%
l'grenier
33%
madeleine
33%
oui
33%
Parmi
33%
Pendant
33%
Pleurant
33%
quelque
33%
Refrain 1Sans
33%
Servi
33%
Soin
33%
voulait
33%
d'ennui
28%
d'une
28%
marchait
28%
mourrait
28%
peu
28%
pieds
28%
s'mettre
28%
l'oubli
22%
palabres
22%
s'émouvoir
22%
Après
17%
chercher
17%
d'osier
17%
faire
17%
vint
6%

Distribution des résultats

Percentile par nombre de réponses

% des personnes avec chaque résultat

Votre développement - résultats

Vous n’avez pas pris ce quiz